| 000 | 00670nab a2200205 4500 | ||
|---|---|---|---|
| 001 | 90031 | ||
| 003 | OSt | ||
| 005 | 20230511090600.0 | ||
| 007 | tu | ||
| 008 | 110905s2000||||||| | ||
| 040 |
_aDE-2950 _cDE-2950 |
||
| 245 | 0 | 0 |
_aFloßfahrt auf der Oder mit Stopp im Winterhafen _bUrlaub. Der Reise-Blogger Markus Ebeling ist mit drei Freunden auf der Spree gestartet. Sein Zeil ist das Schiffshebewerk in Niederfinow./ _cInes Weber-Rath |
| 264 | _c2023 | ||
| 653 | _aFrankfurt (Oder) | ||
| 653 | _aFreizeit | ||
| 653 | _aBlogging | ||
| 653 | _aMotorfloß | ||
| 773 | 0 |
_g34. Jahrgang (2023) Nr. 102, 03.05.2023, S. 15: mit Foto _tMärkische Oderzeitung |
|
| 942 |
_2z _cA |
||
| 999 |
_c372427 _d372427 |
||